College Basketball Division Championships 2016 - Statistics

General Stats
  • This quiz has been taken 33 times
  • The average score is 11 of 32
Answer Stats
Hint Answer % Correct
ACC North Carolina
92%
Big 12 Kansas
85%
Big Ten Michigan St
85%
SEC Kentucky
73%
Pac-12 Oregon
69%
Ivy League Yale
65%
AAC Connecticut
58%
West Coast Gonzaga
54%
Big East Seton Hall
38%
Missouri Valley Northern Iowa
35%
Atlantic Sun FGCU
31%
Summit South Dakota St
31%
Mountain West Fresno St
27%
MAAC Iona
27%
Conference USA Middle Tennessee
27%
MAC Buffalo
23%
MEAC Hampton
23%
Southland Stephen F. Austin
23%
Ohio Valley Austin Peay
19%
Horizon Green Bay
19%
Big West Hawaii
19%
Patriot Holy Cross
19%
Atlantic 10 Saint Joseph's
19%
SWAC Southern
19%
Sun Belt Arkansas-Little Rock
15%
WAC CSU Bakersfield
15%
Northeast Fairleigh Dickinson
15%
American East Stony Brook
15%
Colonial UNC Wilmington
15%
Big South UNC Asheville
12%
Big Sky Weber St
12%
Southern Chattanooga
8%
No matching quizzes found
Score Distribution
Percent of People with Each Score
Percentile by Number Answered
Your Score History
You have not taken this quiz